000 01203nam a2200325 i 4500
003 DO-SdBNP
005 20250627150454.0
007 ta
008 210803b2021 dr 00| 0 eng spa d
020 _a9789945914054
040 _aDO-SdBNP
_bspa
_cBNPHU
_erda
041 _aspa
082 4 _axxx
_bV164s
_222
100 _aValerio-Holguín, Fernando,
_d1956-
_eautor
_4aut.
_916454
245 1 0 _aSeis ensayos en busca de nuestra desmitificación /
_cFernando Valerio Holguín ; prólogo, Manuel García Cartagena
250 _aPrimera edición
264 1 _aSanto Domingo :
_bEditorial Universitaria Bonó
_bEdiciones MSC,
_c2021.
300 _a211 páginas ;
_c23 cm.
336 _atexto
_btxt
_2rdacontent
337 _asin mediación
_bn
_2rdamedia
338 _avolumen
_bnc
_2rdacarrier
500 _aIncluye datos biográficos del autor en la solapa de la cubierta
500 _aIncluye referencias bibliográficas y notas al pie de las páginas
504 _aBibliografía : página 193-211
590 _aInventariado, 2021 /LP
700 1 _aGarcía Cartagena, Manuel,
_eprologuista
_4pr.
_912067
700 1 2 _aGarcía Cartagena, Manuel
_912067
910 _aLopérez
942 _2ddc
_cLBS1
999 _c50173
_d50173